000 00254nam a2200109Ia 4500
008 220204s9999 xx 000 0 und d
082 _a82-3
_bLAW
100 _aLawrence, D H
245 0 _aSons and lovers
260 _aEngland
_bPenguin
_c1978
942 _cBK
999 _c33025
_d33025